Acciones concretas del memorándum México-E.U. (Record no. 61778)

MARC details
000 -CABECERA
campo de control de longitud fija 00576nam a2200193 a 4500
005 - FECHA Y HORA DE LA ÚLTIMA TRANSACCIÓN
campo de control 20210219152828.0
008 - ELEMENTOS DE LONGITUD FIJA--INFORMACIÓN GENERAL
campo de control de longitud fija 991125n 000 0 spa u
035 ## - NÚMERO DE CONTROL DEL SISTEMA
Número de control de sistema UPN01000062537
222 ## - TÍTULO CLAVE
Título clave COMUNICACION EDUCATIVA SEP
245 ## - MENCIÓN DE TÍTULO
Título Acciones concretas del memorándum México-E.U.
260 ## - PUBLICACIÓN, DISTRIBUCIÓN, ETC.
Lugar de publicación, distribución, etc. México
300 ## - DESCRIPCIÓN FÍSICA
Extensión 3,18
362 0# - FECHAS DE PUBLICACIÓN Y/O DESIGNACIÓN SECUENCIAL
Fecha de publicación y/o designación secuencial 1991 Año 8, no. 97-98, nov.-dic.
653 0# - TERMINO DE INDIZACION - NO CONTROLADO
Término no controlado COLEGIO NACIONAL DE EDUCACION PROFESIONAL TECNICA (MEXICO)
653 0# - TERMINO DE INDIZACION - NO CONTROLADO
Término no controlado CONVENIOS EDUCATIVOS
653 0# - TERMINO DE INDIZACION - NO CONTROLADO
Término no controlado ESTADOS UNIDOS DE AMERICA
904 ## - ELEMENTOS DE DATOS D LOCAL, LDD (RLIN)
a AC
b 000348
905 ## - TIPO DE MATERIAL
Tipo de material Articulo

No items available.